| 000 | 00428cam a2200181ua 4500 | ||
|---|---|---|---|
| 020 | _c0.80 | ||
| 041 |
_amal _h |
||
| 082 |
_a894.812 308 _bTOL/RA |
||
| 100 | _aTolstoy, . | ||
| 245 |
_aRandu Nerchakkar / _ctolstoy. _hTextual Documents |
||
| 250 |
_a1 / _b. |
||
| 260 |
_a : _bSree Narasimha Vilasam Book Depot , _c1961. |
||
| 300 | _a63 ; . | ||
| 365 | _a0.80 | ||
| 504 | _a | ||
| 942 | _cBK | ||
| 999 |
_c3920 _d3920 |
||